1905 1742 1848 1734 1668 1695 1265 1900 1412 1418 1581 1149 1405 1620 1592 1424 1071 1745 1187 1941 1179 1715 1372 1275 1597 1751 1968 1466 1412 1641 1537 1501 1231 1527 1723 1273 1102 1346 1601 1258 1315 1376 1910 1654 1929 1326 1359 1072 1071 1008 1066 1697 1268 1644 1665 1068 1912 1261 1286 1142 1210 1680 1295 1160 1351 1161 1449 1588 1902 1586 1134 1546 1098 1868 1723 1600 1479 1502 1032 1141 1831 1802 1160 1997 1622 1627 1237 1803 1980 1721 1682 1635 1601 1936 1800 1016 1379 1910 1208 BCNSPRNW ULIB Ver.6.0+V

เปลี่ยนเป็นภาษาไทย

Change to English
 แสดงรายละเอียดบรรณานุกรม
  กลับหน้าหลัก

Brief Record : Get Marc (ISO 2709) : E-mail record : QR code < ปิดหน้าต่าง
LEADER : 00000nam 2200000uu 4500
001    13399111641
003     ULIB
008    110704s||||||||th 000 0 tha d
020    9749338057
050  4 BQ4570^bส178ส ล.1 2548
100 1  สนอง วรอุไร
245 10 สนทนาภาษาธรรม :^bจากเว็บไซด์กัลยาณธรรม /^cตอบปัญหาโดย สนอง วรอุไร
250    พิมพ์ครั้งที่ 1
260    สมุทรปราการ :^bชมรมกัลยาณธรรม,^c2548
300    208 หน้า
650  7 ธรรมะ^xคำถามและคำตอบ
650  7 พุทธศาสนา^xคำถามและคำตอบ
945    ^p0^l0^i020925
945    ^p0^l0^i019238
995    ทศพร
999 ^a ใช้งานได้ทุกระบบ
รายการนี้ยังไม่มีแท็ก
คุณยังไม่ได้ล็อกอิน คุณสามารถมีกิจกรรมร่วมกับเว็บไซต์ได้ แต่ต้องล็อกอินก่อน ::
  ล็อกอิน

รายการสื่อสารสนเทศ

ลำดับที่ ประเภท เลขเรียก/บาร์โค้ด สถานที่ สถานะ
- ไม่พบข้อมูล -

รายการใกล้เคียง
    ผู้แต่ง [สนอง วรอุไร]

BibComment


ยังไม่เคยถูกคอมเมนท์

คอมเมนท์ทรัพยากรรายการนี้
  คอมเมนท์: สนทนาภาษาธรรม จา..


 Copyright 2026. Bcnsprnw @Library